PLANT DISEASE (Record no. 10184)
[ view plain ]
| 000 -LEADER | |
|---|---|
| fixed length control field | 00403nam a2200145Ia 4500 |
| 022 ## - INTERNATIONAL STANDARD SERIAL NUMBER | |
| ISSN | 0191-2917 |
| 245 #0 - TITLE STATEMENT | |
| Title | PLANT DISEASE |
| 247 ## - FORMER TITLE | |
| Title | Plant Disease Reporter |
| 260 ## - PUBLICATION, DISTRIBUTION, ETC. (IMPRINT) | |
| Name of publisher | American Phytopathological Society, Minnesota |
| Place of publication | USA |
| 310 ## - CURRENT PUBLICATION FREQUENCY | |
| Current publication frequency | M |
| 500 ## - GENERAL NOTE | |
| General note | Ending Volume & Year: 85, 2001 |
| 500 ## - GENERAL NOTE | |
| General note | Starting Volume & Year: 64, 1980 |
| 942 ## - ADDED ENTRY ELEMENTS (KOHA) | |
| Koha item type | Bound Journal |
| Withdrawn status | Lost status | Damaged status | Not for loan | Home library | Current library | Date acquired | Accession Number | Koha item type |
|---|---|---|---|---|---|---|---|---|
| Bound journals | RRII Library | RRII Library | 31/12/2021 | 10121J | Bound Journal |